000
00362nam a2200157Ia 4500
008
151213s9999 xx 000 0 und d
020
_a
984-3000027025
100
_a
U G C
245
_a
35 Annual Report 2008
_c
U G C
260
_a
Dhaka
_b
U G C
_c
2009
300
_a
7309 p.
650
_a
Annual Report
650
_a
Reference
700
_a
U G C
999
_c
3879
_d
3879